000 01491cam a2200361 a 4500
001 EDZ0000077312
003 StDuBDS
005 20161031105212.0
006 m||||||||d||||||||
007 cr |||||||||||
008 120418s2007 cau fo| 001|0|eng d
020 _a9781446214909 (ebook) :
_cNo price
040 _aStDuBDS
_beng
_cStDuBDS
_epn
049 _aAlfaisal Main Library
050 0 _aPN4797
_b.B85 2007
082 0 4 _a070.402341
_223
100 1 _aBull, Andy,
_d1956-
245 1 4 _aThe NCTJ essential guide to careers in journalism
_h[electronic resource] /
_cAndy Bull.
246 3 0 _aEssential guide to careers in journalism
260 _aLos Angeles, Calif. ;
_aLondon :
_bSAGE,
_cc2007.
300 _a1 online resource (vi, 277 p.)
520 8 _aThis guide to careers in journalism is the essential resource to securing a job as a journalist on a newspaper or magazine, on radio and television, or online.
521 _aSpecialized.
588 _aDescription based on print version record.
504 _aIncludes bibliographical references and index.
650 0 _aJournalism
_xVocational guidance
_zGreat Britain.
655 7 _aElectronic books.
_2local
710 2 _aSage eBooks
710 2 _aNational Council for the Training of Journalists (Great Britain)
776 0 8 _iPrint version :
_z9781412936156
856 4 0 _uhttp://ezproxy.alfaisal.edu/login?url=http://sk.sagepub.com/books/the-nctj-essential-guide-to-careers-in-journalism
942 _2lcc
_cEBOOKS
999 _c481595
_d481595